000 00216nam a2200097Ia 4500
008 190216s9999||||xx |||||||||||||| ||und||
100 _aVasudeva Kurup
245 0 _aTagorinde Nadakangal
260 _bNull
942 _cBK
999 _c24489
_d24489